Guess the 1960s song lyrics #108 - Statistics

General Stats
  • This quiz has been taken 20 times
  • The average score is 68 of 105
Answer Stats
Answer % Correct
the
100%
I
94%
me
88%
through
88%
Tiptoe
88%
tiptoe
88%
in
81%
tulips
81%
with
81%
And
75%
By
75%
is
75%
you
75%
be
69%
if
69%
where
69%
I'll
63%
Tiny Tim
63%
of
56%
Oh
56%
that
56%
Will
56%
flowers
50%
garden
44%
from
38%
kiss
38%
we'll
38%
We'll
38%
Come
31%
keep
31%
moonlight
31%
tree
31%
willow
31%
window
31%
away
13%
pardon
13%
deep
6%
Knee
6%
showers
6%
stray
6%
No matching quizzes found
Score Distribution
Percent of People with Each Score
Percentile by Number Answered
Your Score History
You have not taken this quiz